Двухфазные потоки и вопросы теплообмена: сборник статей

Bibliographic Details
Other Authors: Аладьев И. Т. (редактор)
Language:Russian
Published: Москва, Наука, 1970
Subjects:
Format: Book
KOHA link:https://koha.lib.tpu.ru/cgi-bin/koha/opac-detail.pl?biblionumber=90611

MARC

LEADER 00000nam0a2200000 4500
001 90611
005 20231031103618.0
035 |a (RuTPU)RU\TPU\book\97157 
090 |a 90611 
100 |a 20060213d1970 k y0rusy50 ca 
101 0 |a rus 
102 |a RU 
105 |a a z 001zy 
200 1 |a Двухфазные потоки и вопросы теплообмена  |e сборник статей  |f под ред. И. Т. Аладьева 
210 |a Москва  |c Наука  |d 1970 
215 |a 162 с.  |c ил. 
320 |a Библиогр. в конце статей 
610 1 |a теплообмен 
610 1 |a сборники 
610 1 |a потоки 
675 |a 536.2  |v 3 
675 |a 532.5  |v 3 
702 1 |a Аладьев  |b И. Т.  |4 340 
801 1 |a RU  |b 63413507  |c 20060213  |g PSBO 
801 2 |a RU  |b 63413507  |c 20120921  |g PSBO 
942 |c BK